The New River...particulars and conditions of sale of a King's freehold share...for sale by auction by Messrs. Edwin Fox and Bousfield at the Mart, Tokenhouse Yard, Bank of England on Wednesday the 21st day of May 1890... (Record no. 116629)

MARC details
000 -LEADER
fixed length control field 00647cam a22001575a 4500
001 - CONTROL NUMBER
control field L141157
008 - FIXED-LENGTH DATA ELEMENTS--GENERAL INFORMATION
fixed length control field 071031s1890 xxk eng u
035 ## - SYSTEM CONTROL NUMBER
System control number (Sirsi) u141157
110 2# - MAIN ENTRY--CORPORATE NAME
Corporate name or jurisdiction name as entry element Edwin Fox and Bousfield
9 (RLIN) 5433
245 04 - TITLE STATEMENT
Title The New River...particulars and conditions of sale of a King's freehold share...for sale by auction by Messrs. Edwin Fox and Bousfield at the Mart, Tokenhouse Yard, Bank of England on Wednesday the 21st day of May 1890...
260 ## - PUBLICATION, DISTRIBUTION, ETC.
Place of publication, distribution, etc. S.l.
Name of publisher, distributor, etc. s.n.
Date of publication, distribution, etc. [1890]
300 ## - PHYSICAL DESCRIPTION
Extent 18 p.
Dimensions 29 cm.
651 4# - SUBJECT ADDED ENTRY--GEOGRAPHIC NAME
Geographic name London
690 ## - LOCAL SUBJECT ADDED ENTRY--TOPICAL TERM (OCLC, RLIN)
Topical term or geographic name as entry element PROPERTY-PROPERTY ACQUISITION AND DISPOSAL-ACQUISITION AND DISPOSAL AT AUCTION
942 ## - ADDED ENTRY ELEMENTS (KOHA)
Suppress in OPAC 0
Holdings
Withdrawn status Lost status Source of classification or shelving scheme Damaged status Not for loan Home library Current library Shelving location Date acquired Total Checkouts Full call number Barcode Date last seen Copy number Price effective from Koha item type
    Dewey Decimal Classification     London London Basement 31/10/2007   BASEMENT BOX 5 141157-1001 06/08/2019 1 06/08/2019 Archive